| 000 | 00838nam a2200265 i 4500 | ||
|---|---|---|---|
| 001 | bg | ||
| 245 | 0 | 0 |
_aSpain architects : _bhousing 1 / _c[ed. Manel Padura. |
| 246 | 1 | _aVivienda - Housing | |
| 250 | _a2th ed.]. | ||
| 260 |
_aBarcelona : _bMP Manel Padura, _c2007. |
||
| 300 |
_a335 s. : _bil. (gł. kolor.) ; _c32 cm. |
||
| 500 | _aTekst równol. hiszp. i ang. | ||
| 500 | _aTyt. grzbiet.: "Vivienda - Housing". | ||
| 650 | 9 |
_aArchitektura hiszpańska _xprojekty _y20-21 w. |
|
| 650 | 9 |
_aArchitekci _zHiszpania _y20-21 w. |
|
| 700 | 1 |
_aPADURA, Manel. _eRed. |
|
| 020 | _a8493452548 | ||
| 040 | _cBPK | ||
| 041 | w | _aengspa | |
| 080 | _a72(460)"20/21" | ||
| 920 | _a84-934525-4-8 | ||
| 942 | _cKS | ||
| 008 | s pl f |000 0 pol | ||
| 999 |
_c53380 _d53380 |
||
| 856 |
_uhttp://koha.tu.koszalin.pl/cgi-bin/koha/opac-detail.pl?biblionumber=53380 _yKatalog online BPK |
||